مكتبة جامعة عجلون الوطنية

فهرس بحث المكتبة

مدى تطبيق محاسبة القيمة العادلة كمعالجة بديلة وأثرها على الخصائص النوعية للمعلومات المحاسبية : دراسة ميدانية = The Extent of Applying the fair value accounting as an alternative treatment and its impact on the qualitative characteristics of accounting informatio: An Empirical Study / (Record no. 33006)

MARC details
000 -LEADER
fixed length control field 01531nam a2200265Ii 4500
003 - CONTROL NUMBER IDENTIFIER
control field JO-AjNU
005 - DATE AND TIME OF LATEST TRANSACTION
control field 20240623131031.0
008 - FIXED-LENGTH DATA ELEMENTS--GENERAL INFORMATION
fixed length control field 230605s9999||||xx |||||||||||||| ||und||
040 ## - CATALOGING SOURCE
Original cataloging agency JO-AjNU
Language of cataloging ara
Description conventions rda
Transcribing agency JO-AjNU
041 ## - LANGUAGE CODE
Language code of text/sound track or separate title ara
050 ## - LIBRARY OF CONGRESS CALL NUMBER
Classification number HF5626.
Item number A923 2012
100 #1 - MAIN ENTRY--PERSONAL NAME
Personal name عواقله، عبدالعزيز عبدالله
9 (RLIN) 64818
Relator term معد
245 #0 - TITLE STATEMENT
Title مدى تطبيق محاسبة القيمة العادلة كمعالجة بديلة وأثرها على الخصائص النوعية للمعلومات المحاسبية : دراسة ميدانية = The Extent of Applying the fair value accounting as an alternative treatment and its impact on the qualitative characteristics of accounting informatio: An Empirical Study /
Statement of responsibility, etc. إعداد عبد العزيز عبدالله عواقلة ؛ إشراف تركي راجي الحمود.
260 ## - PUBLICATION, DISTRIBUTION, ETC.
Date of publication, distribution, etc. 2012
300 ## - PHYSICAL DESCRIPTION
Extent 132 ورقة
336 ## - CONTENT TYPE
Content type term text
Content type code txt
Source rdacontent
337 ## - MEDIA TYPE
Media type term unmediated
Media type code n
Source rdamedia
338 ## - CARRIER TYPE
Carrier type term volume
Carrier type code nc
Source rdacarrier
500 ## - GENERAL NOTE
General note رسالة جامعية (ماجستير).- جامعة اليرموك (إربد، الأردن)، كلية الاقتصاد والعلوم الادارية ؛ قسم المحاسبة، 2012
501 ## - WITH NOTE
With note تحتوي على ملاحق
504 ## - BIBLIOGRAPHY, ETC. NOTE
Bibliography, etc. note تحتوي على مراجع باللغتين العربية والانجليزية
650 40 - SUBJECT ADDED ENTRY--TOPICAL TERM
Topical term or geographic name entry element المحاسبة-معايير قياسية-قوائم مالية
9 (RLIN) 64820
700 #1 - ADDED ENTRY--PERSONAL NAME
Personal name الحمود، تركي راجي
9 (RLIN) 64635
Relator term مشرف
942 ## - ADDED ENTRY ELEMENTS (KOHA)
Source of classification or shelving scheme Library of Congress Classification
Koha item type Thesis
Holdings
Withdrawn status Lost status Source of classification or shelving scheme Damaged status Not for loan Home library Current library Shelving location Date acquired Total Checkouts Full call number Barcode Date last seen Price effective from Koha item type
    Library of Congress Classification     مكتبة جامعة عجلون الوطنية مكتبة جامعة عجلون الوطنية المجموعات العامة 06/06/2023   HF5626.A923 2012 A29438 06/06/2023 06/06/2023 Thesis